| 000 | 00360nam a22001457a 4500 | ||
|---|---|---|---|
| 020 | _a0884152200 | ||
| 082 | _a280 SCB | ||
| 100 |
_aKohl, Arthur L. _969323 |
||
| 245 | _aGas purification | ||
| 250 | _a5th ed | ||
| 260 |
_a Houston, Tex _b Gulf Pub _c1997 |
||
| 300 |
_a 1395 p. _b viii, ill. 24 cm. |
||
| 650 |
_a Gases -- Purification _969324 |
||
| 942 | _cBK | ||
| 999 |
_c576662 _d576662 |
||